000 00544nam a2200193Ia 4500
999 _c3377
_d3377
003 OSt
005 20200812145529.0
008 190216s9999||||xx |||||||||||||| ||und||
020 _a9788121926140
040 _coclc
082 _a547
_bBAH/T
100 _aBahl, Arun
_94073
245 0 _aA Textbook Of Organic Chemistry /
_cArun Bahl ; B S Bahl
250 _a18th Ed.
260 _bS Chand & Company,
_c2006.
_aNew Delhi:
300 _a1054p
650 _aOrganic Chemistry
942 _cBK
_2ddc
_h547
_iBAH/T
_k547
_mBAH/T